000 00364nam a2200145 4500
008 191125s2017||||xo d
100 1 _aMintalová Zubercová Zora
_91458
245 1 0 _aAko sme kedysi žili
250 _a1.vydanie
260 _bSlovart
_aBratislava
_c2017
300 _a327s.
020 _a9788055627953
_c14,20
041 1 _aslo
044 _axo
_cSK
999 _c22827
_d22827